| 000 | 00746nam a2200193 a 4500 | ||
|---|---|---|---|
| 001 | 000037504 | ||
| 005 | 20200930080411.0 | ||
| 008 | 120420s1985 dr 000 0 spa d | ||
| 020 | _a8400059905 | ||
| 040 |
_aDO-SdBNP _bspa _cBNPHU |
||
| 245 | 0 | 0 |
_aGeología y paleontología del terciario continental de la provincia de Madrid / _ccoordinadora María Teresa Alberdi,. |
| 260 |
_aMadrid : _bConsejo Superior de Investigaciones Científicas : _bMuseo Nacional de Ciencias Naturales, _c1985. |
||
| 300 |
_a105 p. : _bil. ; _c28 cm. |
||
| 500 | _aTexto a dos columnas | ||
| 500 | _aIncluye notas al pie de las páginas | ||
| 504 | _aBibliografia | ||
| 700 | 1 |
_aAlberdi, María Teresa _963959 |
|
| 710 | 2 |
_aMuseo Nacional de Ciencias Naturales _963960 |
|
| 999 |
_c36994 _d36994 |
||